000 00415nam a2200169Ia 4500
001 21926
003 IN-NITTTR
005 20251114233248.0
008 251113s9999||||xx |||||||||||||| ||eng||
040 _beng
040 _cIN-NITTTR
041 _aeng
082 _a658.4063 P442T
100 _aPeters, Tom
245 0 _aThriving on chaos :
_b handbook for management revolution /
_cPeters, Tom
942 _2ddc
_cBK
999 _c24556
_d24556